| 000 | 03112nam a2200361 i 4500 | ||
|---|---|---|---|
| 001 | 000048254 | ||
| 003 | DO-SdBNP | ||
| 005 | 20250902132437.0 | ||
| 007 | ta | ||
| 008 | 181210s2016 dr ac 001 m spa d | ||
| 020 | _a9789945462913 | ||
| 040 |
_aDO-SdBNP _bspa _cBNPHU _erda |
||
| 041 | _aspa | ||
| 082 | 4 |
_a972.93054 _bG861g 2016 _222 |
|
| 100 | 1 |
_aGrimaldi, Víctor, _d1949- _eautor _4aut. _91699 |
|
| 245 | 1 | 0 |
_aGolpe y revolución : _bel derrocamiento de Juan Bosch y la intervención norteamericana / _cVíctor Grimaldi. |
| 250 | _aQuinta edición | ||
| 264 | 1 |
_aSanto Domingo, República Dominicana : _bComisión Permanente de Efemérides Patrias, _c2016. |
|
| 300 |
_a615 páginas : _bilustraciones, mapas, retratos ; _c23 cm. |
||
| 336 |
_atexto _btxt _2rdacontent |
||
| 337 |
_asin mediación _bn _2rdamedia |
||
| 338 |
_avolumen _bnc _2rdacarrier |
||
| 490 | 1 |
_aColección 50 Aniversario de la Gesta Patriótica de Abril de 1965 _v15 |
|
| 500 | _aIncluye datos biográficos del autor en la solapa de la cubierta | ||
| 504 | _aBibliografía: páginas 597-610 | ||
| 505 | 0 | _aPresentación -- Cronología de los hechos -- Prólogo -- Un encuentro entre dos presidentes -- La embajada evalúa el gobierno de Bosch -- El Caribe en la guerra fría -- Trujillo y Haití en el destino dominicano -- Las conspiraciones de Kennedy -- Geopolítica y golpe de estado -- El final del triunvirato -- Más informes de inteligencia -- Cómo Wessin se entera de la revuelta -- Estados Unidos contra Juan Bosch -- Cuando Trujillo era jefe en 1961 -- Muchos muertos y heridos -- Asilamientos y huidas -- El 28 de abril -- Para evitar otro Vietnam -- John B. Martin, el divisionista -- Wessin Atropellado -- Maniobras en Washington -- La CIA y los comunistas -- La lista era de 83 -- Informes de Berry e Imbert -- El insomnio de Johnson -- Caamaño para presidente -- Bosch no era estúpido -- Imbert promovido por Rusk -- Elogios para Caamano -- Bajando el chucho -- Los generales del golpe -- Fondos para la ocupación -- La misión Bundy -- ...y la operación limpieza -- La opinión pública norteamericana -- ...Y el libro de Martin -- Revelaciones de Thomas Mann -- Una entrevista con Cyrus Vance - Fracaso de formula Guzmán -- Espías norteamericanos -- Una vieja preocupación -- Resucita cabildero de Trujillo -- Dominicanos presidenciales -- La mafia también quiso aprovecharse -- La acusación de un senador -- La muerte de Trujillo y la invasión de 1965 -- Los ataques del 15 y 16 de junio -- El retorno de Balaguer -- Negociantes norteamericanos -- Recordando el golpe de 1963 -- Cuatro meses de revolución -- Sube García Godoy -- Una propuesta de Balaguer -- El destierro de Caamaño -- Apéndices -- Fotografías y documentos -- Siglas especiales --. | |
| 590 | _aInventariado, 2019/LP | ||
| 651 | 0 |
_aRepública Dominicana _xPolítica y gobierno _945 |
|
| 651 | 4 |
_aRepública Dominicana _xHistoria _xGolpe De Estado, 1963 _933457 |
|
| 830 | 0 |
_a50 Aniversario de la Gesta Patriótica de Abril de 1965 ; _v15 _975677 |
|
| 910 | _aLP/Validado. Control de calidad MFF | ||
| 942 |
_2ddc _cLBS1 |
||
| 999 |
_c47742 _d47742 |
||